Deceased SNL Cast Members Quiz Stats

Quiz Updated Jan 23, 2017

Also try: SNL Politicians
Challenge
Share
Tweet
Embed
Score 0/10 Timer 02:00
1 Play Today
Years on SNL Cast Cast Member % Correct
1975-1979John Belushi
92.6%
1990-1995Chris Farley
83.1%
1975-1980Gilda Radner
72.5%
1986-1994Phil Hartman
70.6%
1986–1991Jan Hooks
37.1%
1980-1981Charles Rocket
15.7%
1977-1980Tom Davis
12%
1981-1982Tony Rosato
7.8%
1985-1986Danitra Vance
7.2%
1975Michael O'Donoghue
6%

You're not logged in!

Compare scores with friends on all Sporcle quizzes.
Sign Up with Email
OR
Log In

You Might Also Like...

Show Comments

Extras

Top Quizzes Today


Score Distribution

Your Account Isn't Verified!

In order to create a playlist on Sporcle, you need to verify the email address you used during registration. Go to your Sporcle Settings to finish the process.